<?xml version="1.0" encoding="UTF-8"?>
<record
    xmlns:xsi="http://www.w3.org/2001/XMLSchema-instance"
    xsi:schemaLocation="http://www.loc.gov/MARC21/slim http://www.loc.gov/standards/marcxml/schema/MARC21slim.xsd"
    xmlns="http://www.loc.gov/MARC21/slim">

  <leader>01170nam a22002657a 4500</leader>
  <controlfield tag="005">20170124103010.0</controlfield>
  <datafield tag="010" ind1=" " ind2=" ">
    <subfield code="a">A-485613</subfield>
  </datafield>
  <datafield tag="020" ind1=" " ind2=" ">
    <subfield code="a">817124078</subfield>
    <subfield code="c">00.00</subfield>
  </datafield>
  <datafield tag="035" ind1=" " ind2=" ">
    <subfield code="a">A-485613</subfield>
  </datafield>
  <datafield tag="037" ind1=" " ind2=" ">
    <subfield code="b">Cen Lib/Ret</subfield>
  </datafield>
  <datafield tag="040" ind1=" " ind2=" ">
    <subfield code="a">DPL</subfield>
    <subfield code="b">HN</subfield>
  </datafield>
  <datafield tag="082" ind1=" " ind2=" ">
    <subfield code="a">824.08</subfield>
    <subfield code="b">&#x92E;&#x941;&#x915;&#x930;&#x94D;&#x91C;&#x940; </subfield>
  </datafield>
  <datafield tag="100" ind1=" " ind2=" ">
    <subfield code="a">&#x92E;&#x941;&#x915;&#x930;&#x94D;&#x91C;&#x940;, &#x936;&#x94D;&#x930;&#x941;&#x924;&#x93F; </subfield>
    <subfield code="9">57359</subfield>
  </datafield>
  <datafield tag="245" ind1=" " ind2=" ">
    <subfield code="a">&#x928;&#x93F;&#x92C;&#x902;&#x927;&#x915;&#x93E;&#x930; &#x92A;&#x902;&#x921;&#x93F;&#x924; &#x935;&#x93F;&#x926;&#x94D;&#x92F;&#x93E; &#x928;&#x93F;&#x935;&#x93E;&#x938; &#x92E;&#x93F;&#x936;&#x94D;&#x930;  /</subfield>
    <subfield code="c"> &#x936;&#x94D;&#x930;&#x941;&#x924;&#x93F; &#x92E;&#x941;&#x915;&#x930;&#x94D;&#x91C;&#x940;</subfield>
  </datafield>
  <datafield tag="246" ind1=" " ind2=" ">
    <subfield code="a">Nibandhkar p. vidya nivas mishar </subfield>
    <subfield code="b"> by Shruti Mukherji</subfield>
  </datafield>
  <datafield tag="260" ind1=" " ind2=" ">
    <subfield code="a">&#x935;&#x93E;&#x930;&#x93E;&#x923;&#x938;&#x940; </subfield>
    <subfield code="b">&#x935;&#x93F;&#x936;&#x94D;&#x935; &#x935;&#x93F;&#x926;&#x94D;&#x92F;&#x93E;&#x932;&#x92F; &#x92A;&#x94D;&#x930;&#x915;&#x93E;&#x936;&#x928; </subfield>
    <subfield code="c">1991</subfield>
  </datafield>
  <datafield tag="270" ind1=" " ind2=" ">
    <subfield code="a">&#x91A;&#x94C;&#x915; &#x935;&#x93E;&#x930;&#x93E;&#x923;&#x938;&#x940; </subfield>
    <subfield code="b">&#x935;&#x93E;&#x930;&#x93E;&#x923;&#x938;&#x940; </subfield>
  </datafield>
  <datafield tag="300" ind1=" " ind2=" ">
    <subfield code="a">vii,134&#x92A;&#x943;&#x937;&#x94D;&#x920;. </subfield>
    <subfield code="c">20&#x938;&#x947;&#x92E;&#x940;(&#x938;&#x91C;&#x93F;&#x932;&#x94D;&#x926;)</subfield>
    <subfield code="b">`</subfield>
  </datafield>
  <datafield tag="500" ind1=" " ind2=" ">
    <subfield code="a">&#x906;&#x927;&#x93E;&#x930; &#x917;&#x94D;&#x930;&#x928;&#x94D;&#x927; &#x938;&#x942;&#x91A;&#x940; &#x936;&#x93E;&#x92E;&#x93F;&#x932; </subfield>
  </datafield>
  <datafield tag="650" ind1=" " ind2=" ">
    <subfield code="a">&#x939;&#x93F;&#x902;&#x926;&#x940; &#x938;&#x93E;&#x939;&#x93F;&#x924;&#x94D;&#x92F; </subfield>
    <subfield code="9">57360</subfield>
  </datafield>
  <datafield tag="650" ind1=" " ind2=" ">
    <subfield code="a">&#x939;&#x93F;&#x902;&#x926;&#x940; &#x928;&#x93F;&#x92C;&#x902;&#x927; </subfield>
    <subfield code="9">57361</subfield>
  </datafield>
  <datafield tag="650" ind1=" " ind2=" ">
    <subfield code="a">hindi literature</subfield>
    <subfield code="9">57362</subfield>
  </datafield>
  <datafield tag="650" ind1=" " ind2=" ">
    <subfield code="a">hindi essay</subfield>
    <subfield code="9">57363</subfield>
  </datafield>
  <datafield tag="942" ind1=" " ind2=" ">
    <subfield code="2">ddc</subfield>
    <subfield code="c">HN</subfield>
    <subfield code="h">824.08</subfield>
    <subfield code="m">&#x92E;&#x941;&#x915;&#x930;&#x94D;&#x91C;&#x940; </subfield>
  </datafield>
  <datafield tag="999" ind1=" " ind2=" ">
    <subfield code="c">114568</subfield>
    <subfield code="d">114568</subfield>
  </datafield>
  <datafield tag="952" ind1=" " ind2=" ">
    <subfield code="0">0</subfield>
    <subfield code="1">0</subfield>
    <subfield code="4">0</subfield>
    <subfield code="7">0</subfield>
    <subfield code="a">L</subfield>
    <subfield code="b">L</subfield>
    <subfield code="d">2015-08-18</subfield>
    <subfield code="e">Cen Lib/Ret</subfield>
    <subfield code="g">0.00</subfield>
    <subfield code="l">1</subfield>
    <subfield code="m">1</subfield>
    <subfield code="o">824.08 &#x92E;&#x941;&#x915;&#x930;&#x94D;&#x91C;&#x940;</subfield>
    <subfield code="p">A-485613</subfield>
    <subfield code="r">2019-10-07 00:00:00</subfield>
    <subfield code="s">2019-08-27</subfield>
    <subfield code="t">1</subfield>
    <subfield code="v">0.00</subfield>
    <subfield code="w">2015-08-18</subfield>
    <subfield code="y">HN</subfield>
  </datafield>
</record>
